000
00223nam a22000857a 4500
008
160914b xxu||||| |||| 00| 0 eng d
100
_9
429
_a
NIIT
245
_a
The NIIT Mind Champion
260
_a
New Delhi
_b
NIIT. Publications
_c
2010
999
_c
3088
_d
3088